Flugziele vom Flughafen Cluj-Napoca (CLJ) - Statistiken

Allgemein
  • Dieses Quiz wurde 35 mal gespielt
  • Das Durchschnittsergebnis liegt bei 25 aus 42
Antwortstatistiken
Land Airlines Flugziel % Korrekt
Deutschland Lufthansa München / MUC
100%
Deutschland Lufthansa Frankfurt / FRA
95%
Belgien Ryanair,Wizz Air Brüssel / CRL
85%
Irland Hi Sky,Ryanair Dublin / DUB
80%
Türkei Turkish Airlines Istanbul / IST
80%
Israel Hi Sky,Wizz Air Tel Aviv / TLV
80%
Polen LOT Warschau / WAW
80%
Spanien Wizz Air Barcelona / BCN
75%
Ungarn Aero Express Regional Budapest / BUD
75%
Rumänien Hi Sky,Tarom Bukarest / OTP
75%
Vereinigtes Königreich Wizz Air London / LTN
75%
Spanien Wizz Air Madrid / MAD
75%
Italien Wizz Air Rom / CIA
75%
Österreich Wizz Air Wien / VIE
75%
Schweiz Swiss Zürich / ZRH
75%
Vereinigtes Königreich Ryanair London / STN
70%
Deutschland Wizz Air Nürnberg / NUE
70%
Frankreich Ryanair,Wizz Air Paris / BVA
70%
Vereinigte Arabische Emirate Wizz Air Abu Dhabi / AUH
65%
Deutschland Wizz Air Dortmund / DTM
65%
Deutschland Wizz Air Hahn / HHN
65%
Spanien Wizz Air Palma de Mallorca / PMI
65%
Schweiz Wizz Air Basel / EAP
60%
Italien Ryanair,Wizz Air Bergamo / BGY
60%
Spanien Wizz Air Malaga / AGP
60%
Schweden Wizz Air Malmö / MMX
60%
Italien Wizz Air Neapel / NAP
60%
Zypern Wizz Air Larnaca / LCA
55%
Spanien Wizz Air Valencia / VLC
55%
Spanien Wizz Air Alicante / ALC
50%
Italien Wizz Air Bari / BRI
50%
Deutschland Wizz Air Memmingen / FMM
50%
Vereinigtes Königreich Wizz Air Birmingham / BHX
45%
Italien Wizz Air Catania / CTA
45%
Niederlande Wizz Air Eindhoven / EIN
40%
Frankreich Wizz Air Nizza / NCE
40%
Italien Wizz Air Bologna / BLQ
35%
Italien Wizz Air Venedig / VCE
35%
Griechenland Wizz Air Korfu / CFU
25%
Griechenland Wizz Air Chania / CHQ
15%
Spanien Wizz Air Zaragoza / ZAZ
10%
Vereinigtes Königreich Wizz Air Leeds-Bradford / LBA
5%
Keine übereinstimmenden Quizze gefunden
Verteilung der Resultate
Anzahl Personen mit jedem Resultat
Perzentil nach korrekt beantworteten Fragen
Ihre Resultats-Entwicklung
Sie haben dieses Quiz noch nicht gespielt